| 000 | 00847nam a2200229 a 4500 | ||
|---|---|---|---|
| 001 | BRCA_58 | ||
| 005 | 20190320202851.0 | ||
| 008 | 900824s1989 mx-a---##b---s000-0#spa-# | ||
| 020 | _a968859041X | ||
| 040 |
_aDLC _cDLC |
||
| 050 | 4 |
_aHD1471.M4 _b.P35 1989 |
|
| 245 | 1 | 0 |
_aPaternalismo y economía moral en las haciendas mexicanas del porfiriato _ceditor Herbert J. Nickel. |
| 260 |
_a[Puebla, México] _bGobierno del Estado de Puebla, Comisión Puebla V Centenario |
||
| 260 |
_aMéxico _bUniversidad Iberoamericana, Departamento de Historia _c1989 |
||
| 300 |
_a217 p. _bil. _c21 cm. |
||
| 504 | _aIncluye referencias bibliográficas | ||
| 650 | 1 | 4 |
_aCampesinos _xHistoria _zMéxico _9274 |
| 650 | 1 | 4 |
_aPatronos y empleados _xHistoria _zMéxico _9275 |
| 650 | 1 | 4 |
_aHaciendas _xHistoria _zMexico _9276 |
| 700 | 1 |
_aNickel, Herbert J _9277 |
|
| 942 |
_2lcc _cB |
||
| 999 |
_c58 _d58 |
||